000 01426cad a22002295a 4500
001 L154517
008 111218s2011 xxk f 000 0 eng d
035 _a(Sirsi) u154517
041 0 _aeng
110 2 _aUnited Kingdom
_bHM Revenue and Customs
_94833
245 0 0 _aBuildings and construction
_bHMRC Reference
_bNotice 708 (November 2011)
_h[electronic resource]
260 _a[S.l.]
_bHMRC
_c2011
490 0 _aHMRC Reference
_bNotice 708
_vNovember 2011
520 _aAn update notice about VAT and construction explaining what can be zero-rated or reduced-rated at 5 per cent with wide-ranging frequently asked questions. This notice cancels and replaces Notice 708 (February 2008) and Revenue & Customs Briefs 36/09, 39/09, 81/09, 88/09, 89/09, 92/09, 26/10, and 05/11. Details of the main changes to the previous version can be found in paragraph 1.2 of this notice.
590 _aKA NTK
651 4 _aUnited Kingdom
_y
690 _aBUILT ENVIRONMENT-CONSTRUCTION MANAGEMENT
690 _aBUILT ENVIRONMENT-BUILDING CONTRACT FORMS-STANDARD FORMS OF BUILDING CONTRACT
690 _aBUILT ENVIRONMENT-CONSTRUCTION MANAGEMENT-BUILDING CONTRACT ADMINISTRATION
856 4 0 _uhttps://customs.hmrc.gov.uk/channelsPortalWebApp/channelsPortalWebApp.portal?_nfpb=true&_pageLabel=pageVAT_ShowContent&id=HMCE_CL_000513&propertyType=document#P7_71
_zView the website free of charge (PDF file) at www.hmrc.gov.uk
942 _n0
999 _c113023
_d113023